| 000 | 00529nam a22001457a 4500 | ||
|---|---|---|---|
| 020 | _a978-0-9566276-3-6 | ||
| 082 |
_a823 _bMIL/T |
||
| 100 | _aMILNE. A.A | ||
| 245 | _aTALES FROM WINNIE THE POOH | ||
| 260 |
_aLONDON _bEGMONT UK LTD _c2011 |
||
| 300 | _a135 | ||
| 520 | _aWinnie-the-Pooh contains 10 short stories about Pooh and his friends in the Hundred Acre Wood as they follow their imaginations to find adventure, using simple ideas and friendship to overcome any obstacles they face. | ||
| 650 | _aSHORT STORY | ||
| 942 | _cBK | ||
| 999 |
_c6127 _d6127 |
||